Dinámica de las cuentas del plan contable general empresarial en la aplicación de las NIC y NIIF: (Registro nro. 17368)

Detalles MARC
000 -Cabecera
Campo de control interno 01080nam a2200229Ia 4500
005 - Fecha y hora del registro
control field 20260327113501.0
008 - Elementos de Longitud Fija
fixed length control field 260306s9999||||xx |||||||||||||| ||und||
041 ## - Idioma
Codigo Idioma ESP
082 ## - DEWEY y NOTACIÓN INTERNA
Dewey 657.8
Notación Interna Y42M
100 ## - AUTOR
Autor denominación Ychocán Arma, Segundo
Término de relación autor
245 #0 - TÍTULO DE MATERIAL BIBLIOGRÁFICO
Título Dinámica de las cuentas del plan contable general empresarial en la aplicación de las NIC y NIIF:
Título paralelo material exclusivo del curso taller
260 ## - CIUDAD, EDITORIAL, AÑO
Año 2014
300 ## - DESCRIPCIÓN
N° Páginas s.páginas :
Dimensiones 29 cm.
650 ## - TEMAS
Temas Generalidades
654 ## - PROGRAMAS
Programa Dpto. de Contabilidad
856 ## - URL - UBICACIÓN
URI/URL: Enlace exacto del recurso <a href="https://itmsp.museknowledge.com/UCSP?url=https://www.ebooks7-24.com:443/?il=43408&pg=6">https://itmsp.museknowledge.com/UCSP?url=https://www.ebooks7-24.com:443/?il=43408&pg=6</a>
Nota pública: Versión digital <a href="Véase además: Plan de cuentas para sistemas contables 2025, por Uribe Medina, Luis Raúl. Versión digital">Véase además: Plan de cuentas para sistemas contables 2025, por Uribe Medina, Luis Raúl. Versión digital</a>
856 ## - URL - UBICACIÓN
URI/URL: Enlace exacto del recurso <a href="https://0u213uci5-y-https-ebooks7--24-com.itmsp.museknowledge.com/biblioteca.aspx">https://0u213uci5-y-https-ebooks7--24-com.itmsp.museknowledge.com/biblioteca.aspx</a>
Nota pública: Versión digital <a href="Véase además: Base de datos Ebook7-24">Véase además: Base de datos Ebook7-24</a>
856 ## - URL - UBICACIÓN
URI/URL: Enlace exacto del recurso <a href="https://www.legismovil.pe/lnp.asp">https://www.legismovil.pe/lnp.asp</a>
Nota pública: Versión digital <a href="Véase además: Base de datos Legismóvil">Véase además: Base de datos Legismóvil</a>
856 ## - URL - UBICACIÓN
URI/URL: Enlace exacto del recurso <a href="https://legal.legis.com.pe/home/Corporativo">https://legal.legis.com.pe/home/Corporativo</a>
Nota pública: Versión digital <a href="Véase además: Base de datos Multilegis">Véase además: Base de datos Multilegis</a>
942 ## - ELEMENTOS DE KOHA
Tipo de documento Libro
Nombre del creador Justo Noguera
Código de catalogador Justo Noguera
Esquema de clasificación Dewey Decimal Classification
Existencias
Codigo completo Registro Colección Copia número Disponibilidad Tipo de préstamo Biblioteca Actual Procedencia (Biblioteca) Ubicacón Fecha Ingreso Tipo de Adquisición Date last seen Total checkouts Price effective from Tipo de Item Estado del Material Fuente de Clasificación Damaged status Withdrawn status
657.8 Y42M 1015624 Universidad Católica San Pablo 1 Disponible Disponible Víctor Andrés Belaunde Víctor Andrés Belaunde Primer piso 03/06/2026 Compra 06/03/2026   06/03/2026 Libro Bueno Dewey Decimal Classification